| 000 | 00624nam a2200217 a 4500 | ||
|---|---|---|---|
| 001 | BRCA_4728 | ||
| 005 | 20190320204800.0 | ||
| 008 | 061010s1945----mx-a######---#000-0#spa-# | ||
| 041 | _aspa | ||
| 044 | _amx | ||
| 050 | 4 |
_aF1386.3 _b.M49 1945 |
|
| 245 | 1 | 0 |
_aMéxico en el tiempo _bel marco de la capital _cproyectó y editó Roberto Olavarría. |
| 260 |
_aMéxico _bExcélsior _c1945 |
||
| 300 |
_a285 p. _bil. _c29 cm. |
||
| 500 | _aCFG43 | ||
| 650 | 1 | 4 |
_aMéxico _xDescripción y viajes _911984 |
| 650 | 1 | 4 |
_aMéxico _xTrabajos Ilustrados _911985 |
| 700 | 1 |
_aOlavarría, Roberto _911986 |
|
| 902 | _aGFM | ||
| 942 |
_2lcc _cB |
||
| 999 |
_c4426 _d4426 |
||